000 00290nam a2200121Ia 4500
008 190216s9999||||xx |||||||||||||| ||und||
100 _aBappu Kp
245 0 _aIslam Mathanustanangal
260 _bIslamic Publishing House
_c1982
300 _a87p
650 _aIslamic History
942 _cBK
999 _c22081
_d22081